[Event "RUS-Cup10"]
[Site "Tomsk"]
[Date "1997.07.31"]
[Round "9"]
[White "Chigvintsev, Andrei"]
[Black "Averchenko, Sergej"]
[Result "1-0"]
[WhiteElo "2405"]
[BlackElo "2305"]
[Annotator "Nor,I"]
[PlyCount "85"]
[EventDate "1997.07.21"]
[EventType "swiss"]
[EventRounds "9"]
[EventCountry "RUS"]
[SourceTitle "EXT 2000"]
[Source "ChessBase"]
[SourceDate "1999.11.16"]
[SourceVersion "1"]
[SourceVersionDate "1999.11.16"]
[SourceQuality "1"]

1. e4 {Gershon} c5 2. Nf3 d6 3. d4 cxd4 4. Nxd4 Nf6 5. Nc3 a6 6. h3 $5 e6 (6...
b5 $6 7. Nd5 Bb7 8. Nxf6+ gxf6 9. c4 bxc4 10. Bxc4 Bxe4 11. O-O d5 12. Re1 e5
13. Qa4+ Nd7 14. Rxe4 $1 dxe4 15. Nf5 $16 {Fischer-Najdorf, Varna(ol) 1962}) 7.
g4 d5 $5 (7... b5 8. Bg2 Bb7 9. a3 Be7 10. O-O Qc7 11. f4 Nc6 12. Be3 $14 {
Kurajica-Baljon, Wijk aan Zee 1974}) (7... Nc6 8. Bg2 Qc7 9. O-O Be7 10. Nce2
O-O 11. g5 Nd7 12. f4 Nxd4 13. Nxd4 Re8 14. a4 Bf8 15. h4 $13 {
Kupreichik-Neverovsky, Podolsk 1990}) 8. exd5 (8. Bg2 $5 Bb4 (8... e5 $6 9. Nb3
d4 10. Nd5 Nxd5 $6 (10... Be6 11. Bg5 Bxd5 12. exd5 $14) 11. exd5 Bb4+ 12. Bd2
Bxd2+ 13. Qxd2 O-O 14. O-O (14. O-O-O Qd6 15. f4 f6 16. Rhf1 Nd7 17. g5 exf4
18. Qxf4 Qxf4+ 19. Rxf4 fxg5 20. Rxf8+ Kxf8 21. d6 Nf6 22. Rxd4 $16 {1-0
Popescu,D-Musat,A/CREM R.I 1992}) 14... f5 15. gxf5 Bxf5 16. f4 $1 $16 {
Bologan,V-Marinelli,T/Caorle 1990}) (8... dxe4 9. O-O Be7 10. Nxe4 Nxe4 11.
Bxe4 O-O 12. Qd3 h6 13. Be3 $14) (8... Nxe4 $6 9. Nxe4 dxe4 10. c3 $5 (10. Bxe4
e5 11. Nf5 Qxd1+ 12. Kxd1 Nd7 13. c3 Nc5 14. Bg2 Be6 15. Be3 O-O-O+ 16. Kc2 g6
17. Ng3 f5 $15 {Lutikov-Zaichik, Tbilisi 1979}) 10... e5 11. Nc2 Qxd1+ 12. Kxd1
Nd7 13. Ne3 Nc5 14. Nd5 Rb8 15. b4 $1 Na4 16. Kc2 f5 17. gxf5 Bxf5 18. Kb3 b5
19. Be3 Rc8 20. Rac1 Be6 21. Rhd1 Kf7 22. c4 $16 {Popescu,D-Badea,B/Herculane
1993}) 9. Bd2 Nc6 10. Nxc6 bxc6 11. O-O a5 12. g5 Nd7 13. f4 Ba6 14. Rf3 d4 15.
Ne2 Bxd2 16. Qxd2 Bxe2 17. Qxe2 e5 18. Qf2 O-O 19. h4 f6 20. Rf1 exf4 21. Rxf4
fxg5 22. Rxf8+ Nxf8 23. Qf7+ Kh8 24. h5 Nd7 25. h6 gxh6 26. Qe6 Qe8 27. Qxc6
Rc8 28. Qd6 Rxc2 29. Qxd4+ Kg8 30. e5 {1-0 Popescu,D-Kocsis,L/Tusnad,CREM,II.4
1993}) 8... Nxd5 9. Bd2 $5 (9. Nde2 Bb4 10. Bg2 (10. Bd2 Nc6 (10... Nb6 11. Nf4
O-O 12. Bd3 N8d7 13. Ne4 Bxd2+ 14. Qxd2 Ne5 15. O-O-O Bd7 16. Nh5 f6 17. g5
Nxd3+ 18. Qxd3 fxg5 19. Qd4 Rf7 20. Rhg1 h6 21. h4 e5 22. Qd6 Nc4 23. Qg6 Kf8
24. hxg5 Bf5 {1/2-1/2 Kupreichik,V-Badea,B/Schwäbisch-Gmünd sp 1996}) 11. a3
Be7 12. Nf4 Nxf4 13. Bxf4 Qb6 14. b4 (14. Bg2 $5 Qxb2 15. Na4 Qf6 16. Bc7 O-O
17. O-O $44) 14... Nxb4 $1 15. axb4 Qc6 16. Qd4 $13 {1-0 Kupreichik,
V-Gallagher,J/Lenk 1991}) 10... O-O 11. Bd2 Nxc3 (11... Nb6 12. Ne4 Be7 13. Ba5
Nc6 14. Qxd8 Bxd8 15. Bc3 $14 {Lepeshkin}) (11... Nc6 $1 $10) 12. Nxc3 Qc7 13.
Ne4 Rd8 14. c3 Be7 15. Qe2 Bd7 16. c4 Nc6 17. Bc3 Ne5 18. Ng3 Nxc4 19. Nh5 Rac8
20. Bxg7 Bb5 21. O-O Nd2 22. Qe3 Nxf1 23. Bxf1 Qc5 24. Qg3 Bc6 25. Bg2 Bxg2 26.
Kxg2 Rd2 27. Bf6 Qd5+ 28. Kg1 Bc5 29. Rf1 Bxf2+ 30. Rxf2 Rc1+ {0-1 Tarasov,
I-Gorelov,S/RUS-Cup2 1996/EXP 56}) (9. Bg2 $6 Nxc3 10. bxc3 Qc7 $15) 9... b5 (
9... Nc6 $5 10. Nxc6 (10. Nde2 e5 11. Bg2 Be6 12. Ne4 Be7 13. O-O O-O 14. c4
Nf6 15. Nxf6+ Bxf6 16. b3 h5 17. Ng3 hxg4 18. hxg4 Bg5 19. Bc3 Qxd1 20. Raxd1
Bxg4 21. Rde1 Rad8 22. Bxc6 bxc6 23. Rxe5 f5 24. Re6 {Polgar,S-Browne,W/San
Francisco 1995/CBM 46/0-1 (47)}) 10... bxc6 11. Bg2 Be7 12. Ne4 Qc7 $1 13. c4
Nf4 14. Bxf4 Qxf4 15. Qd2 $1 Qxd2+ 16. Nxd2 Bb7 17. O-O-O O-O-O 18. Nb3 c5 19.
Bxb7+ Kxb7 20. Rxd8 Rxd8 21. Rd1 Kc6 22. Rxd8 Bxd8 23. Nd2 $1 Bg5 24. Kc2 f5
$10 {1/2-1/2 Donchev,D-Georgiev,K/Bulgaria (ch) 1989}) (9... Nb6 $6 10. Nb3 Qc7
11. Qe2 Bd7 12. O-O-O Bc6 13. Rg1 N8d7 14. Nd4 Be7 15. Nxc6 bxc6 16. g5 O-O 17.
h4 $36 {Spiriev-Dzevlan, Budapest 1991}) (9... Be7 $6 10. Bg2 Nxc3 11. Bxc3 $14
) (9... h5 $5 10. Qf3 Nf6 11. Nb3 hxg4 12. hxg4 Rxh1 13. Qxh1 Nxg4 14. Bg2 Qc7
15. Qh4 Ne5 16. Qg3 f6 17. O-O-O Nbc6 18. Be4 Ne7 19. Bf4 Bd7 20. Bxe5 fxe5 21.
Bg6+ Kd8 22. Bf7 Kc8 23. Qh3 Qc4 24. Rxd7 Qf4+ 25. Kb1 Kxd7 26. Qd3+ Nd5 27.
Bxe6+ Kxe6 28. Nxd5 Qf7 29. Qc4 Rd8 30. Ne3+ Ke7 31. Qc7+ Ke8 32. Qxe5+ Be7 33.
Nc5 Qxf2 34. a3 {Kupreichik,V-Kotsur,P/Kurgan 1995/0-1 (61)}) 10. Bg2 (10. Qe2
$5) 10... Bb7 11. Ne4 $146 (11. O-O Be7 (11... Nxc3 12. Bxc3 Bxg2 13. Kxg2 b4
14. Be1 {/\ c3+/=}) (11... b4 $5 12. Ne4 $13) 12. Qe1 Qd7 13. Rd1 Nxc3 14. Bxc3
Bxg2 15. Nf5 Bd5 16. Nxg7+ Kd8 17. b3 Nc6 18. Nh5 Kc7 19. Bxh8 Rxh8 20. c4 Rg8
21. cxd5 exd5 22. Qd2 d4 23. Rc1 Kb7 24. f3 f5 25. Qg2 d3 26. Rfd1 Ba3 27. Rb1
Qd4+ 28. Kh1 f4 29. Qd2 Re8 30. Qxf4 Qf2 31. Qg3 Qc2 32. Nf6 Re2 33. Ne4 Nd4
34. b4 d2 35. Qd6 Rxe4 36. Qd5+ Kb6 37. Qxe4 Qc3 38. Kg2 Bc1 39. Qd5 Qe3 40.
Qe4 Qc3 41. Kf2 Qc4 42. Qe3 {1-0 Kupreichik,V-Maksimenko,A/Norresundby op 1993/
EXT 93op}) 11... Be7 12. O-O {In that kind of positions it is very hard to
play.Players play one against the other much more,than chess.} Qc7 13. Nb3 $5 (
13. a4 Nc6 $5 14. Nxc6 Bxc6 15. axb5 axb5 (15... Bxb5 $6 16. Re1 $14 {[%cal
Gb2b3,Gc2c4]}) 16. Rxa8+ Bxa8 $132) 13... Nd7 14. Na5 Bc8 15. c4 $5 (15. Nc3
$143 N7b6 (15... Qxa5 $2 16. Nxd5 $18) 16. Nxd5 Nxd5 17. Bxd5 $6 {[%csl Rg1]} (
17. c4 $5) 17... exd5 18. Bc3 Be6 (18... O-O $6 19. Qxd5 Be6 20. Qb7) 19. Nb3
h5 $1 $36) 15... bxc4 16. Rc1 N7b6 17. b3 (17. Nxc4 $2 Nxc4 18. b3 (18. Qa4+ $2
Bd7 19. Qxc4 Qxc4 20. Rxc4 Bb5) 18... Nb2 $1 19. Rxc7 Nxd1 20. Rc2 Nxf2 21.
Rxf2 Bb7 $17) 17... O-O 18. Nxc4 Qb8 $5 19. Qf3 Bd7 (19... f5 $6 20. Ng3 fxg4 (
20... Nxc4 $2 21. bxc4 $1 {[%cal Rg2a8]} fxg4 22. Qe2 gxh3 23. Bxd5 exd5 24.
Qxe7 $16) (20... f4 $2 21. Ne4 $16) 21. Qxg4 $14) 20. a4 Ra7 (20... f5 $6 21.
Ng3 fxg4 22. Qxg4 Nf6 23. Qe2 Nbd5 24. Ne5 $14) 21. a5 (21. Nxb6 Qxb6 22. a5
Qb5 $13) 21... Nc8 (21... Nxc4 $2 22. bxc4 Nb4 (22... Nf6 $6 23. Be3 Rc7 24.
Bf4) 23. Rb1 $16) 22. Be3 Nxe3 23. Qxe3 Bb5 $6 (23... Rc7 $142 $5 24. Nb6 Bc6
25. Rxc6 $140 Rxc6 26. Nf6+ (26. Nd7 Qc7 27. Nxf8 Bxf8 $15) 26... Bxf6 27. Bxc6
Qd6 28. Be4 Rd8 $15) 24. Rfd1 Bb4 (24... Rd7 $5 25. Rxd7 Bxd7 26. Nb6 Bb5 27.
Nc3 (27. Nxc8 $6 Rxc8 28. Rxc8+ Qxc8 $17) 27... Nxb6 28. axb6 Bd6 29. Nxb5 axb5
$13) 25. Nb6 Ne7 26. Nc5 Ba3 27. Rc2 Rd8 $5 (27... Bxc5 $6 28. Qxc5 Ng6 29. Qd6
$1 $14) 28. Rxd8+ Qxd8 29. Rd2 Qe8 30. Rd1 Ng6 $2 {Black,finally,loses in this
nervous war!} (30... Rc7 $6 31. b4 $5 Bxb4 (31... Bb2 $2 32. Qd2 $1) 32. Nxe6
fxe6 (32... Rc3 $6 33. Nxg7 $1 Qf8 34. Qd4 $16) 33. Qf4 Rc2 34. Qxb4 Qf7 35.
Rd8+ Be8 36. Qe1 $16) (30... Bc6 $142 $1) 31. Nb7 $1 {Of course!} Be7 32. Nc8
$6 (32. Rc1 $1) 32... Qxc8 33. Qxa7 h6 $6 (33... Be2 $142 $1) 34. Be4 $18 {
Now white shows an exellent technique.} Ne5 35. Qe3 Nc6 36. Qb6 $1 Ne5 37. Nd6
Bxd6 38. Qxd6 Nd7 39. Bd3 $1 Bxd3 40. Qxd3 Ne5 41. Qd8+ Qxd8 42. Rxd8+ Kh7 43.
Rd6 1-0

[Event "Bucharest Int 19th"]
[Site "Bucharest"]
[Date "1980.03.04"]
[Round "1"]
[White "Beliavsky, Alexander G"]
[Black "Ghinda, Mihail Viorel"]
[Result "1-0"]
[WhiteElo "2590"]
[BlackElo "2475"]
[Annotator "Notkin,M"]
[PlyCount "57"]
[EventDate "1980.03.04"]
[EventType "tourn"]
[EventRounds "15"]
[EventCountry "ROU"]
[EventCategory "8"]
[SourceTitle "MCL"]
[Source "ChessBase"]
[SourceDate "1999.07.01"]
[SourceVersion "1"]
[SourceVersionDate "1999.07.01"]
[SourceQuality "1"]

1. e4 c5 2. Nf3 d6 3. d4 cxd4 4. Nxd4 Nf6 5. Nc3 e6 6. g4 h6 7. h4 Nc6 8. Rg1
d5 9. exd5 (9. Bb5) 9... Nxd5 10. Nxd5 Qxd5 11. Bg2 Qa5+ 12. Bd2 Qe5+ 13. Be3
Bd7 (13... Nb4 $5 14. Qe2 (14. c4 Bc5 $13) 14... Nd5 15. Bxd5 Qxd5 16. Qb5+ Bd7
$10 {Pavlov,M-Ghinda,M/Timishoara/1985/0:1/34/}) 14. Nxc6 Bxc6 15. Bxc6+ bxc6
16. Qd4 Qa5+ $2 (16... Qxd4 17. Bxd4 f6 18. h5 c5 19. Be3 O-O-O 20. Ke2 Be7 $10
{Vasiukov,E-Balashov,Y/Moscow/1982/0,5/41/}) 17. c3 c5 (17... Rd8 18. Qc4 Qc7
19. Ke2 Be7 20. g5 hxg5 21. hxg5 Qb7 22. b3 $16 {Kaminski,V-Vogt,L/DDR/1989/1:
0/38/}) 18. Qe4 Rc8 19. O-O-O Be7 (19... Qxa2 20. Qb7 Qa1+ 21. Kd2 $1 $18) 20.
g5 hxg5 21. Bxg5 $1 Bxg5+ 22. Rxg5 Qxa2 (22... g6 23. Rxg6 $18) 23. Rxg7 {
/\24.Qb7 Qa1 25.Kd2 Rd8 26.Ke3+-/} Rf8 (23... Kf8 24. Rg4 {/\Qe5/}) 24. h5 c4
25. Rd6 $1 Qa1+ 26. Kc2 Qa4+ 27. Kb1 Rc7 28. Rxe6+ $1 fxe6 $2 (28... Kd8 29.
Rd6+ Rd7 30. Qd5 $18) (28... Kd7 29. Qg4 $18) 29. Qa8+ 1-0

[Event "Copenhagen AS04 80ars Jubilee"]
[Site "Copenhagen"]
[Date "1984.01.01"]
[Round "4"]
[White "Mortensen, Erling"]
[Black "Jansa, Vlastimil"]
[Result "1-0"]
[WhiteElo "2440"]
[BlackElo "2475"]
[Annotator "Notkin,M"]
[PlyCount "71"]
[EventDate "1983.12.28"]
[EventType "tourn"]
[EventRounds "9"]
[EventCountry "DEN"]
[EventCategory "7"]
[SourceTitle "MCL"]
[Source "ChessBase"]
[SourceDate "1999.07.01"]
[SourceVersion "1"]
[SourceVersionDate "1999.07.01"]
[SourceQuality "1"]

1. e4 c5 2. Nf3 d6 3. d4 cxd4 4. Nxd4 Nf6 5. Nc3 e6 6. g4 h6 7. Bg2 Nc6 8. h3
Be7 9. Be3 a6 (9... Bd7 10. Qe2 Nxd4 11. Bxd4 e5 12. Be3 Qa5 13. f4 exf4 14.
Bxf4 Rc8 $10 {Nunn,J-Sokolov,A/Reykjavik/1988/0,5/21/}) 10. f4 Qc7 11. Nxc6 (
11. Qd2 Na5 12. b3 Bd7 13. O-O Nc6 14. Nde2 b5 $13 {Ivanov,A-Gavrikov,V/Biel/
1990/0:1/66/}) 11... bxc6 12. O-O Rb8 $6 (12... Bb7 {/\c5,Bc6/}) 13. b3 c5 14.
Qd2 Bb7 15. Rae1 O-O $2 (15... Bc6 16. Qf2 Nd7 $14) 16. g5 hxg5 17. fxg5 Nd7
18. h4 Ne5 19. h5 Rfe8 20. Qf2 Bf8 21. Bf4 c4 $2 (21... Ba8 22. Qg3 c4 23. Re3
$16) 22. b4 $1 Bc6 23. a3 a5 24. Rb1 axb4 25. axb4 Ba8 26. Qg3 (26. b5 $18)
26... g6 27. h6 Rxb4 $2 28. Rxb4 Qc5+ 29. Kh1 Qxb4 30. Bxe5 dxe5 31. Qxe5 Qe7 (
31... Re7 32. Rb1 {/\Rb8+-/}) 32. Rf3 Kh7 33. Qf4 $2 Kg8 $2 (33... e5 $16) 34.
Qe5 Kh7 35. Nd1 $1 Rd8 36. Ne3 {/\Ng4-f6+-/} 1-0

[Event "Norway Chess 3rd"]
[Site "Stavanger"]
[Date "2015.06.22"]
[Round "6"]
[White "Anand, Viswanathan"]
[Black "Vachier Lagrave, Maxime"]
[Result "1-0"]
[WhiteElo "2804"]
[BlackElo "2723"]
[Annotator "Pavlovic,M"]
[PlyCount "57"]
[EventDate "2015.06.16"]
[EventType "tourn"]
[EventRounds "9"]
[EventCountry "NOR"]
[EventCategory "22"]
[SourceTitle "CBM 167"]
[Source "ChessBase"]
[SourceDate "2015.07.13"]
[SourceVersion "1"]
[SourceVersionDate "2015.07.13"]
[SourceQuality "1"]

1. e4 c5 2. Nf3 d6 3. d4 cxd4 4. Nxd4 Nf6 5. Nc3 a6 6. h3 {Until recently this
old idea used by Bobby Fischer was completely forgotten for a long time; it
has now resurfaced with a big impact. It has become one of the main ideas for
White!} e6 {This is one of a few possible lines like 6...g6 or 6...e5.} 7. g4
h6 8. Bg2 Nc6 9. Be3 Be7 10. f4 Nd7 11. O-O Nxd4 {Black could have refrained
from taking early on d4 by playing...} (11... O-O {and now one possible
example might be...} 12. Nce2 Nxd4 13. Nxd4 Nc5 14. a4 Bd7 15. a5 b5 16. axb6
Qxb6 17. b3 Rab8 18. Qd2 {1/2-1/2 (43) Gonzaga Grego,L-Carroll,P corr. 2014;
with an interesting game ahead of us.}) 12. Qxd4 O-O 13. Qd2 {This is one of
those games where you can't really tell at which moment Black went wrong. Can
we completely rule out the possibility that the whole plan for Black is just
too slow?} Rb8 {I have no doubts that Vachier has analysed consequences of the
direct 13...b5, let us see a recent example:} (13... b5 14. e5 d5 15. Ne2 Bb7
16. Nd4 Qc7 17. Rae1 Rfe8 18. f5 Nxe5 (18... Bc5 $5 19. b4 Bb6 20. f6 Nxe5 21.
Bf4 gxf6 22. c3 {with an attack}) 19. fxe6 Bh4 20. exf7+ Nxf7 21. Re2 Nd6 22.
Bf4 Qb6 23. Bxd6 Qxd6 24. Nf5 Qc5+ 25. Kh1 Bg5 26. Qe1 $14 {1-0 (31) Gharamian,
T (2657)-Burg,T (2518) Munich 2015}) 14. Ne2 b5 15. Rad1 Qc7 16. f5 Nf6 17. Ng3
{Due to Bxh6 ideas the black position looks a bit compomised. So far nothing
new in our game, but what it seems is that Anand has discovered that Bxh6
actually will lead to a dangerous attack.} Bb7 (17... Re8 18. Bd4 {is logical,
but Anand probably realised the full potential of this position and I think he
had something else in his mind...} (18. Kh1 $1 Bf8 19. g5 hxg5 20. Bxg5 Nh7 21.
f6 {with dangerous attack}) 18... e5 19. Be3 Bb7 20. Bxh6 gxh6 21. Qxh6 Nh7 (
21... d5 22. exd5 Qb6+ 23. Kh1 Bf8 24. Qh4 Red8 $13) 22. f6 Bf8 23. Qh5 Qc5+
24. Kh2 Qe3 25. h4 Qh6 26. Qxh6 Bxh6 27. g5 Bf8 28. g6 $1 $16 {1-0 (40) Navara,
D (2716)-Grischuk,A (2795) Tromso 2014}) 18. Kh1 {Preparatory move.} ({In the
event of the direct attempt} 18. Bxh6 gxh6 19. Qxh6 d5 20. g5 Qxg3 21. Rd3 Bc5+
22. Kh1 Be3 $1 {looks like a key defensive idea for Black.}) 18... Rbd8 $2 (
18... exf5 19. Rxf5 $14) (18... d5 19. Bf4 $5 (19. e5 Qxe5 20. Bf4 Qxb2 21.
Bxb8 Rxb8 22. fxe6 fxe6 23. Qe3 Bc8 24. Nf5 exf5 25. Qxe7 Bd7 {White is an
exchange up, but Black has already too few pawns and the position is in
equilibrium.}) 19... e5 20. Bxh6 gxh6 21. Qxh6 Rfd8 22. g5 Bf8 23. Qh4 Nxe4 24.
Nh5 Rd6 25. b3 {Despite the fact that the computer gives few defensive ideas
for Black, it is far from easy to find them in a tournament game.}) 19. Bxh6 $1
gxh6 20. Qxh6 d5 21. g5 $1 {No more defence for Black! Anand obviosly worked
out the line nicely.} Qxg3 22. Rd3 $1 Nh5 (22... Nxe4 23. f6 Bxf6 24. Bxe4 dxe4
25. Rxg3 e3+ 26. Kg1 Bg7 (26... Bd4 27. Re1 e2+ 28. Kh2 Bg7 29. Qh5 $18) 27.
Qh5 Be4 28. c3 Rd2 29. Qh4 Bg6 30. Rxe3 $18) (22... Qe5 23. gxf6 Bxf6 24. Rf4
$1 $18) 23. g6 $1 fxg6 24. fxg6 Rxf1+ 25. Bxf1 Nf6 26. Rxg3 dxe4 27. Be2 e3+
28. Kg1 Bc5 29. Kf1 1-0

[Event "Bad Woerishofen op 16th"]
[Site "Bad Woerishofen"]
[Date "2000.03.20"]
[Round "4"]
[White "Senff, Martin"]
[Black "Pelletier, Yannick"]
[Result "0-1"]
[WhiteElo "2349"]
[BlackElo "2478"]
[Annotator "Pelletier,Y"]
[PlyCount "80"]
[EventDate "2000.03.??"]
[EventType "swiss"]
[EventRounds "9"]
[EventCountry "GER"]
[SourceTitle "CBM 075 Extra"]
[Source "ChessBase"]
[SourceDate "2000.05.11"]
[SourceVersion "2"]
[SourceVersionDate "2000.05.11"]
[SourceQuality "1"]

1. e4 c5 2. Nf3 d6 3. d4 cxd4 4. Nxd4 Nf6 5. Nc3 a6 6. Be3 e6 7. g4 h5 {
Die Richtigkeit dieses Planes könnte von einer Bundesliga-Partie zwischen
Timman und Nisipeanu hängen.} 8. g5 ({Besser als} 8. gxh5 {, da Schwarz nun
mit seinem Nf6 viele Tempis verlieren muss.}) 8... Ng4 9. Bc1 Qb6 10. Qd2 {
Während der Partie war ich von diesem für mich neuen Zug ziemlich beindruckt.
Weiss plant die Fianchetto-Entwicklung seines Bc1, was angesichts der
Kontrolle der langen Diagonale wichtig ist.} ({Trotzdem scheint} 10. h3 {
, wie in der vorgennanten Partie am besten zu sein. Nach} Ne5 11. Nb3 g6 12.
Be3 Qc7 13. f4 Ned7 14. Qd2 Nc6 15. O-O-O b5 16. Nd5 $1 {[%cal Gd2c3,Gc3h8,
Gc3c7] fand Liviu Nisipeanu nicht die beste Verteidigung:} exd5 17. Qc3 d4 18.
Nxd4 Bb7 19. Nxc6 Bxc6 $2 (19... Rg8 {ergibt ein für Schwarz unangenehmes
Endspiel nach} 20. Nb4 Qxc3 21. bxc3 Bxe4 22. Rh2) 20. Qxh8 Bxe4 21. Rh2 O-O-O
22. Bd3 Nc5 23. Bxc5 dxc5 24. Bxe4 {und Weiss gewann.}) 10... Ne5 {Es drohte
11.f4 mit Einsperrung des Ng4.} 11. Be2 Nbc6 {Nach langem Nachdenken fand ich
die Idee, einer schwarzfeldrigen Strategie zu folgen.} (11... g6 12. f4 Nec6
13. Nf3 Nd7 14. b3 {[%csl Rd6,Rf8][%cal Gc1b2,Gb2h8] gefiel mir nicht, da mein
Bf8 gleichzeitig auf g7 (für die lange Diagonale) und auf e7 (Deckung von d6)
stehen sollte.}) 12. Nxc6 ({Im Fall von} 12. Nb3 g6 13. f4 Nd7 {[%csl Rd2]
hätte der Zug 10.Qd2 wenig Sinn gehabt.}) 12... bxc6 {[%csl Gd5]} (12... Qxc6
13. f4 Nc4 14. Qd4 b5 15. b3 Nb6 16. Be3 $14 {und der schwarze Springer ist
noch nicht am Ende seiner Reise.}) ({Und nach} 12... Nxc6 {soll man ständig mit
} 13. g6 $5 {[%csl Re6,Re8,Rf7] rechnen.}) 13. f4 Ng6 {Schwarz plant einen Tag
e5 zu spielen, um auf den schwarzen Feldern zu herrschen. Das wird von der
Tatsache ermöglicht, dass ein Bauer auf c6 zurückgeschlagen hat, und somit das
Feld d5 unter Kontrolle ist. Trotzdem ist die schwarze Lage nicht so leicht,
wie ich während des Spiels zunächst vermutete.} 14. Qe3 (14. Na4 Qa7) 14...
Qxe3 $6 ({Ich wollte zuerst den logischen} 14... Rb8 {spielen, aber ich
erschrak dann vor der folgenden Idee:} 15. Qxb6 Rxb6 16. Be3 Rxb2 17. Kd2 {
gefolgt von einer schnellen Beherrschung der b-Linie. Aber nach} d5 18. Rab1
Rxb1 19. Rxb1 Bd6 {hat Schwarz keinen Grund zu klagen, z.B:} 20. e5 Bc7 {
[%csl Gb6,Gb7,Gb8]} 21. Na4 d4 $5 22. Bxd4 Nxf4 {und Weiss hat keinen
Eintrittspunkt.}) 15. Bxe3 h4 {[%csl Rg5]} (15... e5 16. f5 Nf4 17. Bxf4 exf4
18. Rf1 Be7 19. h4) 16. h3 ({Mein Gegner befürchtete zurecht} 16. Rf1 h3 $5 17.
O-O-O Rh4 $5 {[%csl Rf4,Rg5][%cal Ge6e5] /\e5-Nf4}) 16... e5 $2 {Viel zu früh!
Ich übersah dabei ein kleines Detail.} ({Es musste} 16... Be7 17. O-O-O Rb8 18.
a3 {mit leichtem weissem Vorteil geschehen.}) 17. f5 Nf4 18. Bxf4 exf4 19.
O-O-O Rb8 ({Meine Absicht war} 19... Be7 {zu spielen, aber leider geht einfach}
20. Rhg1 g6 21. f6 Bd8 22. Rxd6 {(ouch!)} Bb6 (22... Bxh3 23. Rxc6 $16) 23. Nd5
$5 (23. Rh1 $16) 23... cxd5 24. Rxb6 dxe4 25. Bg4 $1 Bf5 26. Bxf5 gxf5 27. g6
fxg6 28. Rxg6 $16) 20. Rhg1 $6 ({Besser waren die Alternativen} 20. a3 $5 $16 {
xb4}) ({und} 20. Bf3 g6 (20... Be7 21. Rhg1) 21. f6 Be6 22. Ne2 $16 {[%csl Rf4]
}) 20... g6 21. Rdf1 $2 {[%cal Gd1d8]} (21. Bg4 Kd8 $16) 21... d5 $6 {Der
weisse Turm musste die d-Linie nicht verlassen, was ich sofort zu bestrafen
versuchte.} ({Präziser war aber} 21... gxf5 22. Rxf4 d5 23. exd5 Bc5 24. Rgf1
Be3+ 25. Kb1 Bxf4 26. Rxf4 $13) (21... Rb4 $2 22. Bd3 Be7 23. a3 {war hingegen
nicht zu empfehlen.}) 22. exd5 Bc5 (22... Bxf5 23. dxc6) 23. dxc6 $2 {Zu
optimistisch.} ({Nach} 23. Rh1 Be3+ (23... cxd5 24. fxg6 fxg6 25. Nxd5 Bb7 26.
Rd1 $16) (23... Bxf5 24. dxc6 Rb6 25. Bf3 $16) 24. Kb1 Bd4 25. Nd1 cxd5 26.
fxg6 fxg6 27. Rxf4 Be5 28. Rf3 $16 {ist der weisse Vorteil unumstritten.})
23... Be3+ 24. Kb1 Bxg1 25. Rxg1 Rb6 $5 (25... Bxf5 {war vermutlich auch
möglich, aber ich wollte den Eindringling auf c6 vernichten. Die Variante} 26.
Bxa6 Bxh3 27. c7 Ra8 28. Bb7 Ra7 29. c8=Q+ Bxc8 30. Bxc8 h3 31. Bg4 h2 32. Rh1
{sieht ganz unklar aus.}) 26. fxg6 (26. Bf3 $2 Bxf5 27. Nd5 Rxc6 28. Nf6+ Rxf6
29. gxf6 Bxh3 $19) ({Nach} 26. Re1 Kf8 27. f6 Rxc6 28. Rd1 Re6 {sollte Schwarz
ebenfalls besser stehen.} (28... Kg8 $2 29. Nd5)) 26... Rxc6 27. gxf7+ $2 ({
Eine tapfere Verteidigung hätte} 27. g7 $5 {geboten. Doch nach} Rg8 28. Re1 Be6
29. Bf3 Rc8 30. Nd5 (30. Ne4 Ke7) (30. Bb7 Rd8) 30... Rxg7 31. Nxf4 Kd7 $1 (
31... Rxg5 32. Nxe6 fxe6 33. Rxe6+ Kf7 34. Re1 $11) 32. Nxe6 fxe6 33. Bg4 Rg6 {
behält Schwarz immer noch die besseren Karten.}) 27... Kxf7 28. Bf3 Rc5 29. Ne4
(29. Nd5 Bxh3 (29... Kg7 $5) 30. Nxf4 Bf5 31. Nd3 Bxd3 32. cxd3 h3 $19) 29...
Re5 30. Nd6+ Kg6 31. Nxc8 Rxc8 32. a4 a5 (32... Rce8 33. Rg4) ({Auf} 32... Re3
33. Bb7 Rce8 34. Bxa6 Re1+ 35. Rxe1 Rxe1+ 36. Ka2 f3 37. Bd3+ Kxg5 38. a5 {
wollte ich mich nicht einlassen.}) 33. Rg4 Rf8 34. Rxh4 Re3 35. Bb7 (35. Rh6+
Kxg5 36. Rh5+ Kg6 37. Bg4 Rg3 $5 38. Re5 Rxg4 39. hxg4 f3 40. Re1 f2 41. Rf1
Kg5 42. c3 Kxg4 43. Kc2 Kf3 44. b4 Ke2 $19) 35... f3 36. Rh6+ Kxg5 37. Ra6 $6
f2 38. Rxa5+ (38. Bg2 Rg3) 38... Kf6 39. Ba6 Ra8 $1 40. b4 Rxa6 0-1